[Event "IECG QM.2003.0.00053 email"]
[Site "IECG email"]
[Date "2003.02.15"]
[Round "?"]
[White "Monasterio, Manuel Gerardo"]
[Black "Sacerdotali, Sergio"]
[Result "1-0"]
[WhiteElo "2201"]
[BlackElo "2234"]
[PlyCount "61"]
[EventDate "2003.02.15"]
[EventType "tourn (corr)"]
[EventRounds "6"]
[SourceTitle "Corr 2008"]
[Source "ChessBase"]
[SourceDate "2008.06.24"]
[SourceVersion "1"]
[SourceVersionDate "2008.06.24"]
[SourceQuality "1"]

1. d4 d5 2. c4 c6 3. Nc3 e6 4. e3 Nf6 5. Nf3 Nbd7 6. Qc2 b6 7. Bd3 Bb7 8. 0-0 Bd6 9. e4 dxe4 10. Nxe4 Nxe4 11. Bxe4 h6 12. Bd2 Nf6 13. b4 0-0 14. c5 Nxe4 15. Qxe4 Be7 16. Qg4 Kh7 17. Rfe1 Qd5 18. Re5 Qc4 19. Qe4+ Kg8 20. Re1 Rfd8 21. Bxh6 gxh6 22. Qg4+ Kf8 23. Qf4 Ke8 24. Rxe6 Qxe6 25. Rxe6 fxe6 26. Ne5 Rd5 27. Qf7+ Kd8 28. Qxe6 Rxe5 29. Qxe5 Rc8 30. f4 Bf8 31. Qf6+ 1-0